00900pamaa22002411i 4500003000900000005001700009008004100026020002500067020001800092040003800110050001900148082002300167100003200190245010700222260003700329264003700366300004700403440007200450504005300522650002100575700003600596700002600632EG-GICUC20260628141255.0901130s1991 nyua jrb 000 0 eng  a0070042047 :c$41.95 a9780070042049 aEG-GICUCcEG-GICUCdEG-GICUCbeng00a670.285bB391400a670.285220bB39141 aBedworth, David D.eAuthor.10aComputer-integrated design and manufacturing /cDavid D. Bedworth, Mark R. Henderson, Philip M. Wolfe. aNew York :bMcGraw-Hill,cc1991. aNew York :bMcGraw-Hill,cc1991. axix, 653 pages. :billustration. ;c24 cm. 0aMcGraw-Hill series in industrial engineering and management science aIncludes bibliographical references and indexes. 0aCAD/CAM systems.1 aHenderson, Mark Richard,d1949-1 aWolfe, Philip,d1941-